Adios muchachos /

Sábháilte in:
Sonraí bibleagrafaíochta
Príomhchruthaitheoir: Chavarría, Daniel (Údar)
Rannpháirtithe: Geroldi, Simona
Formáid: LEABHAR
Teanga:Iodáilis
Foilsithe / Cruthaithe: Milano : M. Tropea, [2003]
Sraith:I mirti
Clibeanna: Cuir clib leis
Níl clibeanna ann, Bí ar an gcéad duine le clib a chur leis an taifead seo!

MARC

LEADER 00000nam a22000007i 4500
001 IT\ICCU\PAR\0633226
003 ItRI
005 20240220175323.0
008 030306s2003 it |||||| ||||| |||||c
020 |a 8843804065 
040 |b ita  |c GP 
041 7 |a ita  |2 ISO-639-2 
100 1 |a Chavarría, Daniel  |0 IT\ICCU\RAVV\075095  |4 aut 
240 1 0 |a Adios muchachos.  |9 Chavarría, Daniel 
245 1 0 |a Adios muchachos /  |c Daniel Chavarria ; traduzione di Simona Geroldi. 
260 |a Milano :  |b M. Tropea,  |c [2003] 
300 |a 191 p. ;  |c 19 cm. 
700 1 |a Geroldi, Simona  |0 IT\ICCU\MILV\129663 
830 2 |a I mirti  |0 IT\ICCU\REA\0035500 
942 |2 ddc  |c BK 
952 |0 0  |1 0  |2 ddc  |4 0  |6 863_600000000000000_CHA  |7 1  |9 672  |a RM  |b RM  |d 2024-02-20  |l 0  |o 863.6 CHA  |p 251  |r 2024-02-20 17:54:01  |w 2024-02-20  |y BK 
981 1 |6 z01  |a i   |b xxxe  
982 1 |6 z01  |a n 
999 |c 630  |d 630